| 000 | 00739cam a2200217 4500 | ||
|---|---|---|---|
| 001 | WB3627-05 | ||
| 008 | 000000n2000 000 0 eng u | ||
| 035 | _a(Sirsi) u107130 | ||
| 245 | _aRevamp for jewel in the crown estate | ||
| 260 | _c2000 | ||
| 490 |
_aFinancial Times _v 13 July 2000, 3(2) |
||
| 520 | _aThe Crown Estate plans to redevelop Regent Street in a £500m redevelopment programme over the next ten years. Private property companies will be expected to put up most of the cost in return for leases. | ||
| 590 | _aWB | ||
| 650 | _aREGENT STREET | ||
| 650 | _aCROWN ESTATE | ||
| 650 | _aREDEVELOPMENT | ||
| 650 | _aRETAIL SPACE | ||
| 650 | _aOFFICE SPACE | ||
| 690 | _aPROPERTY-PROPERTY DEVELOPMENT | ||
| 942 | _n0 | ||
| 999 |
_c64056 _d64056 |
||